Rappeur sans voyelle #1 - Statistiques

Statistiques générales
  • Ce quiz a été pris 57 fois
  • Le résultat moyen est 11 sur 16
Statistiques - réponses
Hint Réponse % Correct
KB L D Koba la D
98%
VLD Vald
94%
NNH Ninho
92%
NSK Niska
92%
NKF Nekfeu
85%
BB Booba
83%
GRDR Gradur
83%
WRN Werenoi
77%
DSSH Dosseh
68%
LPH WN Alpha Wann
58%
L FN La fouine
58%
KR JMS Kery James
55%
KR Kaaris
43%
SNZZ Sneazzy
40%
D Z Da Uzi
17%
B Oboy
11%
Aucun quiz correspondant
Distribution des résultats
% des personnes avec chaque résultat
Percentile par nombre de réponses
Votre historique - résultats
Vous n’avez pas pris ce quiz